[Event "Caracas FVA 80th Ann"]
[Site "Caracas"]
[Date "2015.12.16"]
[Round "2"]
[White "Casares Chirinos, Nestor Noel"]
[Black "Palma Dugarte, Jose Gregorio"]
[Result "1-0"]
[WhiteElo "1753"]
[BlackElo "1389"]
[PlyCount "61"]
[EventDate "2015.12.16"]
[EventType "swiss"]
[EventRounds "8"]
[EventCountry "VEN"]
[SourceTitle "EXT 2018"]
[Source "ChessBase"]
[SourceDate "2017.10.13"]
[SourceVersion "1"]
[SourceVersionDate "2017.10.13"]
[SourceQuality "1"]

1. e4 e5 2. Nf3 Nc6 3. Bb5 a6 4. Bxc6 dxc6 5. h3 Nf6 6. d3 Bd6 7. Nc3 Qe7 8. Be3 b6 9. Qd2 Bb7 10. 0-0 0-0 11. Ne2 Rad8 12. Ng3 Rfe8 13. Bg5 Qe6 14. b3 c5 15. Qe2 Be7 16. Nh2 h6 17. Be3 b5 18. Nf5 c4 19. Rad1 c3 20. f4 Bd6 21. fxe5 Bxe5 22. Ng4 Nxg4 23. Qxg4 Qg6 24. Qf3 Re6 25. Rf2 Rf6 26. Ne7+ Kh7 27. Nxg6 Rxf3 28. Rxf3 fxg6 29. g4 Bd4 30. Bxd4 Rxd4 31. Kg2 1-0

[Event "Caracas FVA 80th Ann"]
[Site "Caracas"]
[Date "2015.12.16"]
[Round "1"]
[White "Palomo, Franklin Annervys"]
[Black "Casares Chirinos, Nestor Noel"]
[Result "1-0"]
[WhiteElo "2260"]
[BlackElo "1753"]
[PlyCount "67"]
[EventDate "2015.12.16"]
[EventType "swiss"]
[EventRounds "8"]
[EventCountry "VEN"]
[SourceTitle "EXT 2018"]
[Source "ChessBase"]
[SourceDate "2017.10.13"]
[SourceVersion "1"]
[SourceVersionDate "2017.10.13"]
[SourceQuality "1"]

1. c4 e5 2. Nc3 Nf6 3. Qc2 Nc6 4. e3 Bc5 5. Nf3 d6 6. a3 a5 7. b3 Bg4 8. Bb2 0-0 9. Bd3 Re8 10. Ng5 h6 11. Nf3 d5 12. cxd5 Nxd5 13. Nxd5 Qxd5 14. Be4 Qd6 15. h3 Bd7 16. 0-0 Bb6 17. Qc3 Rad8 18. Rfd1 f6 19. Nh4 Ne7 20. Bxb7 Be6 21. Rac1 c5 22. Be4 Rd7 23. a4 Red8 24. Ba3 Kf7 25. Qc2 Rc7 26. d4 exd4 27. exd4 Qf4 28. Ng6 Nxg6 29. Bxg6+ Kg8 30. dxc5 Rdc8 31. Qe2 Bf7 32. Bxf7+ Kxf7 33. g3 Qg5 34. h4 1-0

[Event "Caracas VII Aniversario Ciencias U.C.V."]
[Site "Caracas"]
[Date "2015.04.04"]
[Round "7.16"]
[White "Casares Chirinos, Nestor Noel"]
[Black "Gordillo Arango, Jesus David"]
[Result "0-1"]
[WhiteElo "1697"]
[BlackElo "1836"]
[PlyCount "42"]
[EventDate "2015.04.01"]
[EventType "swiss"]
[EventRounds "9"]
[EventCountry "VEN"]
[SourceTitle "EXT 2022"]
[Source "ChessBase"]
[SourceDate "2021.10.06"]
[SourceVersion "1"]
[SourceVersionDate "2021.10.06"]
[SourceQuality "1"]

1. e4 e5 2. Nf3 Nc6 3. Bb5 f5 4. Nc3 Nf6 5. d3 fxe4 6. dxe4 Bc5 7. 0-0 d6 8. h3 0-0 9. Bg5 a6 10. Be2 Be6 11. Nd5 Bxd5 12. exd5 Ne7 13. c4 h6 14. Be3 Bxe3 15. fxe3 Nf5 16. Qc1 Ng3 17. Re1 Nfe4 18. Nd2 Nxe2+ 19. Rxe2 Ng3 20. Re1 Qg5 21. Nf1 Rxf1+ 0-1